{"text_format":"3","workbook":"xlsx","n_sheets":1,"sheets":["t163"],"read":"whole","date_system":"1900"}

{"sheet":"t163","index":0,"n_rows":191,"n_cols":7,"rows_kept":191,"merged":[[0,0,0,6],[30,0,30,5],[50,0,50,5],[154,0,154,5]]}
["TABELA 163.1 - Estatísticas Agrícolas, Município de Echaporã, Estado de São Paulo, 2007/08."]
["ITEM","UNIDADE","N.DE UPAs","MÍNIMO","MÉDIO","MÁXIMO","TOTAL"]
["Distância à sede do município","km",403,0.1,{"v":8.07,"d":"8.1"},{"v":30,"d":"30.0"},"-"]
["Área total","hectare",403,0.6,{"v":127.59,"d":"127.6"},{"v":2963.2,"d":"2,963.2"},{"v":51420.6,"d":"51,420.6"}]
["Área com cultura perene","hectare",67,0.1,{"v":8.68,"d":"8.7"},{"v":110,"d":"110.0"},581.3]
["Área com cultura temporária","hectare",166,0.1,93.6,{"v":2638.5,"d":"2,638.5"},{"v":15538.1,"d":"15,538.1"}]
["Área com pastagem","hectare",343,0.4,{"v":82.46,"d":"82.5"},{"v":1612.1,"d":"1,612.1"},{"v":28285.3,"d":"28,285.3"}]
["Área com reflorestamento","hectare",41,0.2,{"v":9.11,"d":"9.1"},72.6,373.5]
["Área com vegetação natural","hectare",248,0.2,{"v":21.76,"d":"21.8"},{"v":726,"d":"726.0"},{"v":5396.6,"d":"5,396.6"}]
["Área com vegetação de brejo e várzea","hectare",146,0.1,{"v":4.32,"d":"4.3"},48.2,630.9]
["Área em descanso","hectare",9,0.4,{"v":2.03,"d":"2.0"},{"v":5,"d":"5.0"},18.3]
["Área complementar","hectare",343,0.1,{"v":1.74,"d":"1.7"},98.3,596.6]
["Área das UPAs com (0, 1] ha","hectare",8,0.6,{"v":0.84,"d":"0.8"},{"v":1,"d":"1.0"},6.7]
["Área das UPAs com (1, 2] ha","hectare",11,1.1,{"v":1.41,"d":"1.4"},{"v":2,"d":"2.0"},15.5]
["Área das UPAs com (2, 5] ha","hectare",31,2.2,{"v":3.51,"d":"3.5"},4.8,108.9]
["Área das UPAs com (5, 10] ha","hectare",65,5.7,{"v":6.83,"d":"6.8"},9.6,443.9]
["Área das UPAs com (10, 20] ha","hectare",55,10.2,{"v":15.32,"d":"15.3"},19.9,842.4]
["Área das UPAs com (20, 50] ha","hectare",69,20.3,31.3,49.6,{"v":2159.4,"d":"2,159.4"}]
["Área das UPAs com (50, 100] ha","hectare",52,50.8,70.2,99.9,{"v":3650.2,"d":"3,650.2"}]
["Área das UPAs com (100, 200] ha","hectare",38,100.4,{"v":138.69,"d":"138.7"},193.6,{"v":5270.4,"d":"5,270.4"}]
["Área das UPAs com (200, 500] ha","hectare",47,203.2,{"v":309.94,"d":"309.9"},479.1,{"v":14567.4,"d":"14,567.4"}]
["Área das UPAs com (500, 1.000] ha","hectare",19,501.4,{"v":650.31,"d":"650.3"},{"v":968,"d":"968.0"},{"v":12355.8,"d":"12,355.8"}]
["Área das UPAs com (1.000, 2.000] ha","hectare",7,{"v":1004.3,"d":"1,004.3"},{"v":1290.97,"d":"1,291.0"},{"v":1717.7,"d":"1,717.7"},{"v":9036.8,"d":"9,036.8"}]
["Área das UPAs com (2.000, 5.000] ha","hectare",1,{"v":2963.2,"d":"2,963.2"},{"v":2963.2,"d":"2,963.2"},{"v":2963.2,"d":"2,963.2"},{"v":2963.2,"d":"2,963.2"}]
["Área das UPAs com (5.000, 10.000] ha","hectare","-","-","-","-","-"]
["Área das UPAs acima de 10.000 ha","hectare","-","-","-","-","-"]
["Familiares do proprietário que trabalham na UPA","unidade",282,{"v":1,"d":"1.0"},{"v":1.56,"d":"1.6"},{"v":6,"d":"6.0"},{"v":440,"d":"440.0"}]
["Trabalhadores permanentes","unidade",139,{"v":1,"d":"1.0"},{"v":2.25,"d":"2.3"},{"v":45,"d":"45.0"},{"v":313,"d":"313.0"}]
["Fonte: Secretaria de Agricultura e Abastecimento, CDRS/IEA, Projeto LUPA."]
[]
["TABELA 163.2 - Explorações Animais, Município de Echaporã, Estado de São Paulo, 2007/08."]
["ITEM","UNIDADE","N.DE UPAs","MÍNIMO","MÉDIO","MÁXIMO","TOTAL"]
["Apicultura","colmeias",2,{"v":12,"d":"12.0"},{"v":14,"d":"14.0"},{"v":16,"d":"16.0"},{"v":28,"d":"28.0"}]
["Asininos E Muares","cabeças",31,{"v":1,"d":"1.0"},{"v":3.61,"d":"3.6"},{"v":19,"d":"19.0"},{"v":112,"d":"112.0"}]
["Avicultura de Corte","cabeças/ano",8,{"v":12,"d":"12.0"},{"v":1294,"d":"1,294.0"},{"v":10000,"d":"10,000.0"},{"v":10352,"d":"10,352.0"}]
["Avicultura Ornamental/Decorativa/Exótica","cabeças",27,{"v":10,"d":"10.0"},{"v":47.56,"d":"47.6"},{"v":150,"d":"150.0"},{"v":1284,"d":"1,284.0"}]
["Avicultura para Ovos","cabeças",75,{"v":6,"d":"6.0"},40.8,{"v":200,"d":"200.0"},{"v":3060,"d":"3,060.0"}]
["Bovinocultura de Corte","cabeças",155,{"v":1,"d":"1.0"},{"v":200.38,"d":"200.4"},{"v":3000,"d":"3,000.0"},{"v":31059,"d":"31,059.0"}]
["Bovinocultura Leiteira","cabeças",93,{"v":1,"d":"1.0"},{"v":31.88,"d":"31.9"},{"v":400,"d":"400.0"},{"v":2965,"d":"2,965.0"}]
["Bovinocultura Mista","cabeças",96,{"v":1,"d":"1.0"},43.1,{"v":278,"d":"278.0"},{"v":4138,"d":"4,138.0"}]
["Bubalinocultura","cabeças",1,{"v":3,"d":"3.0"},{"v":3,"d":"3.0"},{"v":3,"d":"3.0"},{"v":3,"d":"3.0"}]
["Caprinocultura","cabeças",4,{"v":5,"d":"5.0"},33.5,{"v":96,"d":"96.0"},{"v":134,"d":"134.0"}]
["Equinocultura","cabeças",205,{"v":1,"d":"1.0"},{"v":4.92,"d":"4.9"},{"v":110,"d":"110.0"},{"v":1008,"d":"1,008.0"}]
["Outra Exploração Animal","cabeças",1,{"v":20,"d":"20.0"},{"v":20,"d":"20.0"},{"v":20,"d":"20.0"},{"v":20,"d":"20.0"}]
["Ovinocultura","cabeças",33,{"v":4,"d":"4.0"},{"v":32.39,"d":"32.4"},{"v":134,"d":"134.0"},{"v":1069,"d":"1,069.0"}]
["Piscicultura","m² tanques",1,{"v":800,"d":"800.0"},{"v":800,"d":"800.0"},{"v":800,"d":"800.0"},{"v":800,"d":"800.0"}]
["Ranicultura","girinos/ano",1,{"v":60,"d":"60.0"},{"v":60,"d":"60.0"},{"v":60,"d":"60.0"},{"v":60,"d":"60.0"}]
["Suinocultura","cabeças",87,{"v":1,"d":"1.0"},{"v":9.31,"d":"9.3"},{"v":60,"d":"60.0"},{"v":810,"d":"810.0"}]
["Fonte: Secretaria de Agricultura e Abastecimento, CDRS/IEA, Projeto LUPA."]
[]
["TABELA 163.3 -  Máquinas, Implementos e Benfeitorias, Município de Echaporã, Estado de São Paulo, 2007/08."]
["ITEM","UNIDADE","N.DE UPAs","MÍNIMO","MÉDIO","MÁXIMO","TOTAL"]
["Arado Comum (Bacia, Aiveca)","Unidade",85,{"v":1,"d":"1.0"},{"v":1.41,"d":"1.4"},{"v":6,"d":"6.0"},{"v":120,"d":"120.0"}]
["Arado Escarificador","Unidade",3,{"v":1,"d":"1.0"},{"v":1,"d":"1.0"},{"v":1,"d":"1.0"},{"v":3,"d":"3.0"}]
["Arado Subsolador","Unidade",23,{"v":1,"d":"1.0"},{"v":1.13,"d":"1.1"},{"v":3,"d":"3.0"},{"v":26,"d":"26.0"}]
["Batedeira de Cereais","Unidade",1,{"v":1,"d":"1.0"},{"v":1,"d":"1.0"},{"v":1,"d":"1.0"},{"v":1,"d":"1.0"}]
["Carregadeira de Cana","Unidade",1,{"v":3,"d":"3.0"},{"v":3,"d":"3.0"},{"v":3,"d":"3.0"},{"v":3,"d":"3.0"}]
["Colhedeira Acoplada","Unidade",6,{"v":1,"d":"1.0"},{"v":5.83,"d":"5.8"},{"v":12,"d":"12.0"},{"v":35,"d":"35.0"}]
["Colhedeira Automotriz","Unidade",3,{"v":1,"d":"1.0"},{"v":1.67,"d":"1.7"},{"v":2,"d":"2.0"},{"v":5,"d":"5.0"}]
["Computador","Unidade",4,{"v":1,"d":"1.0"},{"v":1,"d":"1.0"},{"v":1,"d":"1.0"},{"v":4,"d":"4.0"}]
["Conj.Irrigação Convencional","Unidade",1,{"v":1,"d":"1.0"},{"v":1,"d":"1.0"},{"v":1,"d":"1.0"},{"v":1,"d":"1.0"}]
["Desintegrador de Palha (Plantio Direto)","Unidade",5,{"v":1,"d":"1.0"},1.2,{"v":2,"d":"2.0"},{"v":6,"d":"6.0"}]
["Desintegrador, Picador, Triturador","Unidade",88,{"v":1,"d":"1.0"},{"v":1.08,"d":"1.1"},{"v":3,"d":"3.0"},{"v":95,"d":"95.0"}]
["Distribuidor de Calcário","Unidade",26,{"v":1,"d":"1.0"},{"v":1.08,"d":"1.1"},{"v":2,"d":"2.0"},{"v":28,"d":"28.0"}]
["Ensiladeira","Unidade",21,{"v":1,"d":"1.0"},{"v":1.14,"d":"1.1"},{"v":2,"d":"2.0"},{"v":24,"d":"24.0"}]
["Grade Aradora (Tipo Romi)","Unidade",59,{"v":1,"d":"1.0"},{"v":1.24,"d":"1.2"},{"v":6,"d":"6.0"},{"v":73,"d":"73.0"}]
["Grade Niveladora","Unidade",79,{"v":1,"d":"1.0"},{"v":1.22,"d":"1.2"},{"v":4,"d":"4.0"},{"v":96,"d":"96.0"}]
["Implementos para Tração Animal","Unidade",30,{"v":1,"d":"1.0"},{"v":1.63,"d":"1.6"},{"v":4,"d":"4.0"},{"v":49,"d":"49.0"}]
["Microtrator","Unidade",3,{"v":1,"d":"1.0"},{"v":1,"d":"1.0"},{"v":1,"d":"1.0"},{"v":3,"d":"3.0"}]
["Misturador de Ração","Unidade",7,{"v":1,"d":"1.0"},{"v":1,"d":"1.0"},{"v":1,"d":"1.0"},{"v":7,"d":"7.0"}]
["Ordenhadeira Mecânica","Unidade",9,{"v":1,"d":"1.0"},{"v":1,"d":"1.0"},{"v":1,"d":"1.0"},{"v":9,"d":"9.0"}]
["Pulverizador Tratorizado","Unidade",44,{"v":1,"d":"1.0"},{"v":1.59,"d":"1.6"},{"v":10,"d":"10.0"},{"v":70,"d":"70.0"}]
["Resfriador de Leite, Tanque Expansão","Unidade",5,{"v":1,"d":"1.0"},{"v":1,"d":"1.0"},{"v":1,"d":"1.0"},{"v":5,"d":"5.0"}]
["Roçadeira Costal","Unidade",2,{"v":1,"d":"1.0"},1.5,{"v":2,"d":"2.0"},{"v":3,"d":"3.0"}]
["Roçadeira Tratorizada","Unidade",6,{"v":1,"d":"1.0"},{"v":1.67,"d":"1.7"},{"v":4,"d":"4.0"},{"v":10,"d":"10.0"}]
["Semeadeira/Adubadeira para Plantio Convencional","Unidade",15,{"v":1,"d":"1.0"},1.4,{"v":6,"d":"6.0"},{"v":21,"d":"21.0"}]
["Semeadeira/Plantadeira Plantio Direto","Unidade",5,{"v":1,"d":"1.0"},1.6,{"v":3,"d":"3.0"},{"v":8,"d":"8.0"}]
["Terraceador","Unidade",4,{"v":1,"d":"1.0"},{"v":1,"d":"1.0"},{"v":1,"d":"1.0"},{"v":4,"d":"4.0"}]
["Trator de Esteiras","Unidade",2,{"v":1,"d":"1.0"},{"v":1,"d":"1.0"},{"v":1,"d":"1.0"},{"v":2,"d":"2.0"}]
["Trator de Pneus","Unidade",121,{"v":1,"d":"1.0"},{"v":1.88,"d":"1.9"},{"v":19,"d":"19.0"},{"v":227,"d":"227.0"}]
["Açude/Represa","Unidade",141,{"v":1,"d":"1.0"},{"v":2.02,"d":"2.0"},{"v":9,"d":"9.0"},{"v":285,"d":"285.0"}]
["Adega Cantina","Unidade",1,{"v":1,"d":"1.0"},{"v":1,"d":"1.0"},{"v":1,"d":"1.0"},{"v":1,"d":"1.0"}]
["Almoxarifado/Oficina","Unidade",10,{"v":1,"d":"1.0"},{"v":1,"d":"1.0"},{"v":1,"d":"1.0"},{"v":10,"d":"10.0"}]
["Armazém para Grãos Ensacados","Sacas",16,{"v":1,"d":"1.0"},{"v":7232.31,"d":"7,232.3"},{"v":100000,"d":"100,000.0"},{"v":115717,"d":"115,717.0"}]
["Balança para Bovinos","Unidade",9,{"v":1,"d":"1.0"},{"v":1,"d":"1.0"},{"v":1,"d":"1.0"},{"v":9,"d":"9.0"}]
["Balança para Veículos","Unidade",4,{"v":1,"d":"1.0"},{"v":1,"d":"1.0"},{"v":1,"d":"1.0"},{"v":4,"d":"4.0"}]
["Barracão para Granja/Avicultura","Unidade",13,{"v":1,"d":"1.0"},{"v":12.15,"d":"12.2"},{"v":50,"d":"50.0"},{"v":158,"d":"158.0"}]
["Barracão/Galpão/Garagem","Unidade",127,{"v":1,"d":"1.0"},1.2,{"v":3,"d":"3.0"},{"v":152,"d":"152.0"}]
["Casa de Moradia Habitada","Unidade",268,{"v":1,"d":"1.0"},{"v":1.42,"d":"1.4"},{"v":10,"d":"10.0"},{"v":380,"d":"380.0"}]
["Casa de Moradia Total","Unidade",331,{"v":1,"d":"1.0"},{"v":2.11,"d":"2.1"},{"v":40,"d":"40.0"},{"v":698,"d":"698.0"}]
["Curral/Mangueira","Unidade",236,{"v":1,"d":"1.0"},{"v":1.06,"d":"1.1"},{"v":3,"d":"3.0"},{"v":249,"d":"249.0"}]
["Depósito/Tulha","Unidade",180,{"v":1,"d":"1.0"},1.1,{"v":4,"d":"4.0"},{"v":198,"d":"198.0"}]
["Estábulo","Unidade",111,{"v":1,"d":"1.0"},{"v":1.07,"d":"1.1"},{"v":4,"d":"4.0"},{"v":119,"d":"119.0"}]
["Fábrica de Ração","Unidade",1,{"v":1,"d":"1.0"},{"v":1,"d":"1.0"},{"v":1,"d":"1.0"},{"v":1,"d":"1.0"}]
["Instalações para Equinos","Unidade",3,{"v":1,"d":"1.0"},{"v":1,"d":"1.0"},{"v":1,"d":"1.0"},{"v":3,"d":"3.0"}]
["Máquina de Benefício","Unidade",4,{"v":1,"d":"1.0"},{"v":1,"d":"1.0"},{"v":1,"d":"1.0"},{"v":4,"d":"4.0"}]
["Pocilga","Unidade",35,{"v":1,"d":"1.0"},{"v":1,"d":"1.0"},{"v":1,"d":"1.0"},{"v":35,"d":"35.0"}]
["Poço Semi-Artesiano","Unidade",59,{"v":1,"d":"1.0"},{"v":1.05,"d":"1.1"},{"v":2,"d":"2.0"},{"v":62,"d":"62.0"}]
["Posto Meteorológico","Unidade",1,{"v":1,"d":"1.0"},{"v":1,"d":"1.0"},{"v":1,"d":"1.0"},{"v":1,"d":"1.0"}]
["Secador de Grãos","Unidade",10,{"v":1,"d":"1.0"},1.7,{"v":5,"d":"5.0"},{"v":17,"d":"17.0"}]
["Silo para Grãos","t",5,{"v":1,"d":"1.0"},{"v":197,"d":"197.0"},{"v":360,"d":"360.0"},{"v":985,"d":"985.0"}]
["Silo para Silagem","t",4,{"v":1,"d":"1.0"},{"v":272.75,"d":"272.8"},{"v":400,"d":"400.0"},{"v":1091,"d":"1,091.0"}]
["Terreiro","m²",46,{"v":1,"d":"1.0"},{"v":686.78,"d":"686.8"},{"v":5000,"d":"5,000.0"},{"v":31592,"d":"31,592.0"}]
["Fonte: Secretaria de Agricultura e Abastecimento, CDRS/IEA, Projeto LUPA."]
[]
["TABELA 163.4 - Outras Estatísticas Agrícolas, Município de Echaporã, Estado de São Paulo, 2007/08."]
["ITEM","Número de UPAs",null,"Percentual"]
["Faz Parte de Associação de Produtores",108,null,{"v":26.799007444168737,"d":"26.8"}]
["Faz Parte de Cooperativa de Produtores",173,null,{"v":42.92803970223325,"d":"42.9"}]
["Faz Parte do Sindicato de Produtores",62,null,{"v":15.384615384615383,"d":"15.4"}]
["Não utiliza assistência técnica ",248,null,{"v":61.53846153846154,"d":"61.5"}]
["Utiliza somente assistência técnica governamental ",80,null,{"v":19.851116625310173,"d":"19.9"}]
["Utiliza somente assistência técnica privada ",30,null,{"v":7.444168734491315,"d":"7.4"}]
["Utiliza assistência técnica tanto governamental quanto privada",45,null,{"v":11.166253101736972,"d":"11.2"}]
["Utiliza Crédito Rural",110,null,{"v":27.295285359801486,"d":"27.3"}]
["Utiliza Seguro Rural",16,null,{"v":3.9702233250620353,"d":"4.0"}]
["Utiliza Escrituração Agrícola",280,null,{"v":69.4789081885856,"d":"69.5"}]
["Acessa Internet p/ Fins na Agropecuária",41,null,{"v":10.173697270471465,"d":"10.2"}]
["Utiliza Computador nas Atividades Agropecuárias",35,null,{"v":8.6848635235732,"d":"8.7"}]
["Utiliza Energia Elétrica Para Uso na Atividade Agrícola",341,null,{"v":84.61538461538461,"d":"84.6"}]
["Realiza Análise de Solo, quando necessário",179,null,{"v":44.416873449131515,"d":"44.4"}]
["Utiliza Práticas de Conservação de Solo, quando necessário",327,null,{"v":81.14143920595532,"d":"81.1"}]
["Faz Adubação Mineral, quando necessário",243,null,{"v":60.29776674937965,"d":"60.3"}]
["Faz Adubação Orgânica, quando necessário",135,null,{"v":33.49875930521092,"d":"33.5"}]
["Faz Adubação Verde, quando necessário",48,null,{"v":11.910669975186103,"d":"11.9"}]
["Utiliza Manejo Integrado de Pragas (MIP)",1,null,{"v":0.2481389578163772,"d":"0.2"}]
["Utiliza Hidroponia","-",null,"-"]
["Utiliza Plasticultura",4,null,{"v":0.9925558312655088,"d":"1.0"}]
["Utiliza Mudas Fiscalizadas",54,null,{"v":13.399503722084368,"d":"13.4"}]
["Utiliza Semente Melhorada",74,null,{"v":18.36228287841191,"d":"18.4"}]
["Faz Confinamento de Bovinos",12,null,{"v":2.977667493796526,"d":"3.0"}]
["Utiliza Pastejo Intensivo",158,null,{"v":39.20595533498759,"d":"39.2"}]
["Faz Inseminação Artificial",5,null,{"v":1.2406947890818858,"d":"1.2"}]
["Faz Mineralização do Rebanho",298,null,{"v":73.94540942928039,"d":"73.9"}]
["Faz Vermifugação do Rebanho",299,null,{"v":74.19354838709678,"d":"74.2"}]
["Possui Parceiros /Arrendatários na Exploração Animal",63,null,{"v":15.632754342431761,"d":"15.6"}]
["Esporte e lazer",3,null,{"v":0.7444168734491315,"d":"0.7"}]
["Extração mineral","-",null,"-"]
["Hotel Fazenda, Pousada ou SPA","-",null,"-"]
["Pesque-pague","-",null,"-"]
["Restaurante ou Lanchonete",3,null,{"v":0.7444168734491315,"d":"0.7"}]
["Transformação artesanal",2,null,{"v":0.4962779156327544,"d":"0.5"}]
["Turismo rural ou ecoturismo","-",null,"-"]
["Outras atividades econômicas rurais",4,null,{"v":0.9925558312655088,"d":"1.0"}]
["Agroindústria","-",null,"-"]
["Proprietário sem instrução ou com instrução incompleta",19,null,{"v":4.714640198511166,"d":"4.7"}]
["Proprietário com antigo primário completo",138,null,{"v":34.24317617866005,"d":"34.2"}]
["Proprietário com 1° grau (ou antigo ginasial) completo",56,null,{"v":13.895781637717121,"d":"13.9"}]
["Proprietário com 2° grau (ou antigo colegial) completo",73,null,{"v":18.114143920595534,"d":"18.1"}]
["Proprietário com curso superior completo ",110,null,{"v":27.295285359801486,"d":"27.3"}]
["Pessoa Jurídica",7,null,{"v":1.7369727047146402,"d":"1.7"}]
["Proprietário residente na própria UPA ",108,null,{"v":26.799007444168737,"d":"26.8"}]
["Fonte: Secretaria de Agricultura e Abastecimento, CDRS/IEA, Projeto LUPA."]
[]
["TABELA 163.5 - Área Cultivada, Município de Echaporã, Estado de São Paulo, 2007/08."]
["CULTURA","N.DE UPAs","MÍNIMO","MÉDIO","MÁXIMO","TOTAL"]
["Braquiaria",276,0.4,{"v":79.76,"d":"79.8"},{"v":1547.1,"d":"1,547.1"},{"v":22013.7,"d":"22,013.7"}]
["Cana-de-acucar",71,0.2,{"v":117.31,"d":"117.3"},{"v":2638.5,"d":"2,638.5"},{"v":8329.3,"d":"8,329.3"}]
["Gramas",110,0.5,{"v":56.18,"d":"56.2"},998.4,{"v":6180,"d":"6,180.0"}]
["Mandioca",52,0.1,{"v":72.97,"d":"73.0"},489.5,{"v":3794.4,"d":"3,794.4"}]
["Soja",12,{"v":6,"d":"6.0"},150.8,314.6,{"v":1809.6,"d":"1,809.6"}]
["Amendoim",12,{"v":7,"d":"7.0"},{"v":114.23,"d":"114.2"},499.9,{"v":1370.8,"d":"1,370.8"}]
["Milho",27,0.5,{"v":24.43,"d":"24.4"},145.1,659.7]
["Milho Safrinha",3,2.4,{"v":149.17,"d":"149.2"},314.6,447.5]
["Cafe",49,0.1,{"v":8.43,"d":"8.4"},{"v":110,"d":"110.0"},412.9]
["Melancia",11,7.2,{"v":36.69,"d":"36.7"},{"v":82,"d":"82.0"},403.6]
["Eucalipto",41,0.2,{"v":8.71,"d":"8.7"},72.6,357.3]
["Sorgo",2,{"v":30,"d":"30.0"},111.8,193.6,223.6]
["Milheto",1,{"v":121,"d":"121.0"},{"v":121,"d":"121.0"},{"v":121,"d":"121.0"},{"v":121,"d":"121.0"}]
["Limao",11,0.5,{"v":9.47,"d":"9.5"},{"v":25,"d":"25.0"},104.2]
["Tomate rasteiro",5,0.4,{"v":19.64,"d":"19.6"},{"v":85,"d":"85.0"},98.2]
["Coloniao",6,0.8,{"v":12.83,"d":"12.8"},53.2,{"v":77,"d":"77.0"}]
["Feijao",11,0.5,{"v":6.97,"d":"7.0"},23.9,76.7]
["Feijao-adzuki (ou azuki)",1,{"v":73,"d":"73.0"},{"v":73,"d":"73.0"},{"v":73,"d":"73.0"},{"v":73,"d":"73.0"}]
["Abobora (ou jerimum)",4,{"v":1,"d":"1.0"},{"v":15.95,"d":"16.0"},33.8,63.8]
["Seringueira",1,48.4,48.4,48.4,48.4]
["Pinus",2,1.2,8.1,{"v":15,"d":"15.0"},16.2]
["Capim-jaragua",1,{"v":11,"d":"11.0"},{"v":11,"d":"11.0"},{"v":11,"d":"11.0"},{"v":11,"d":"11.0"}]
["Aveia",1,{"v":6,"d":"6.0"},{"v":6,"d":"6.0"},{"v":6,"d":"6.0"},{"v":6,"d":"6.0"}]
["Pomar domestico",7,0.5,{"v":0.73,"d":"0.7"},1.2,5.1]
["Jaca",1,3.7,3.7,3.7,3.7]
["Capim-napier (ou capim-elefante)",2,1.2,1.8,2.4,3.6]
["Tangerina",1,2.6,2.6,2.6,2.6]
["Laranja",1,2.4,2.4,2.4,2.4]
["Maracuja",2,0.5,0.6,0.7,1.2]
["Goiaba",1,{"v":1,"d":"1.0"},{"v":1,"d":"1.0"},{"v":1,"d":"1.0"},{"v":1,"d":"1.0"}]
["Milho-silagem",1,{"v":1,"d":"1.0"},{"v":1,"d":"1.0"},{"v":1,"d":"1.0"},{"v":1,"d":"1.0"}]
["Cacau",1,0.8,0.8,0.8,0.8]
["Outras olericolas",2,0.1,{"v":0.25,"d":"0.3"},0.4,0.5]
["Banana",1,0.2,0.2,0.2,0.2]
["Fonte: Secretaria de Agricultura e Abastecimento, CDRS/IEA, Projeto LUPA."]